Online katalóg knižníc regiónu Turca

Inštinkt (Record no. 22736)

MARC details
000 -LEADER
fixed length control field 00941nam a2200313 a 4500
001 - CONTROL NUMBER
control field 22736
003 - CONTROL NUMBER IDENTIFIER
control field SK-KTurca
005 - DATE AND TIME OF LATEST TRANSACTION
control field 20260421163249.0
008 - FIXED-LENGTH DATA ELEMENTS--GENERAL INFORMATION
fixed length control field 240318s1994 xo 0000f slo
015 ## - NATIONAL BIBLIOGRAPHY NUMBER
National bibliography number SNBA1994/08
020 ## - INTERNATIONAL STANDARD BOOK NUMBER
International Standard Book Number 8085597195
035 ## - SYSTEM CONTROL NUMBER
System control number SNK000018724
040 ## - CATALOGING SOURCE
Original cataloging agency SNK
Language of cataloging slo
Transcribing agency SNK
Description conventions AACR2
041 1# - LANGUAGE CODE
Language code of text/sound track or separate title slo
Language code of original eng
044 ## - COUNTRY OF PUBLISHING/PRODUCING ENTITY CODE
MARC country code xo
ISO country code SK
080 ## - UNIVERSAL DECIMAL CLASSIFICATION NUMBER
Universal Decimal Classification number 820 (73)-3
Edition identifier 1981
100 1# - MAIN ENTRY--PERSONAL NAME
Personal name Walker, Robert W.
Fuller form of name (Robert Wayne),
Dates associated with a name 1948-
Relationship aut
240 10 - UNIFORM TITLE
Uniform title Killer Instinct
Language of a work Slovensky
245 10 - TITLE STATEMENT
Title Inštinkt
Statement of responsibility, etc. Robert W. Walker ; [z anglického originálu preložils Adela Nikitinová]
250 ## - EDITION STATEMENT
Edition statement 2. vyd.
260 ## - PUBLICATION, DISTRIBUTION, ETC.
Place of publication, distribution, etc. Bratislava
Name of publisher, distributor, etc. S Aktuell
Date of publication, distribution, etc. 1994
300 ## - PHYSICAL DESCRIPTION
Extent 285 s.
Dimensions 21 cm
655 #7 - INDEX TERM--GENRE/FORM
Genre/form data or focus term americké romány
Source of term SNKPH
655 #7 - INDEX TERM--GENRE/FORM
Genre/form data or focus term psychologické romány
Source of term SNKPH
700 1# - ADDED ENTRY--PERSONAL NAME
Personal name Nikitinová, Adela
Relationship trl
700 1# - ADDED ENTRY--PERSONAL NAME
Personal name Hladík, Ján,
Dates associated with a name 1959-
Relationship bjd
942 ## - ADDED ENTRY ELEMENTS (KOHA)
Source of classification or shelving scheme Dewey Decimal Classification
Koha item type Krásna literatúra pre dospelých
Suppress in OPAC No
Holdings
Stav vyradenia Strata Poškodenie Spôsob nadobudnutia Domovská knižnica Aktuálna knižnica Dátum nadobudnutia Total checkouts Čiarový kód exemplára Date last seen Typ exemplára
      Dar Obecná knižnica Horná Štubňa Obecná knižnica Horná Štubňa 21.04.2026   4736202276 21.04.2026 Krásna literatúra pre dospelých
Projekt je podporený Slovenskou asociáciou knižníc
Prevádzkuje Turčianska knižnica Martin 2026